| 000 | 01693nam 2200217 4500 | ||
|---|---|---|---|
| 001 | 6050 | ||
| 010 | _a9722218107 | ||
| 021 | _b110815/97 | ||
| 090 | _a6050 | ||
| 100 | _a20211231d1997 km|y0pory5003 ba | ||
| 200 | 1 |
_aTurismo: Competitividade Sustentável _fMário Baptista |
|
| 210 |
_aLisboa _cVerbo _d1997 |
||
| 215 | _a618 p. | ||
| 330 | _aA competitividade turística é condicionada pelo meio envolvente específico (social, cultural, ambiental, sanitário, de segurança, etc..) pela qualidade e pela diferenciação da oferta, pela capacidade de gestão, pela eficiência profissional, pelo mercado e pela concorrência, havendo que ter em conta parâmetros demográficos, psicográficos, sociais, culturais e económicos, etc... dos turistas dos principais países de origem, bem como a influência dos operadores na escolha dos destinos. A complexidade e interdependência dos componentes do produto turístico só se assumem, porém, como valor compatível quando surgem, face aos operadores e aos clientes, como um conjunto organizado, ainda que local e subsectorialmente diferenciado, o que impõe uma concepção transversal de competências, iniciativas, deveres e responsabilidades. O principal objectivo desta obra é, pois, o de contribuir para melhorar a qualidade de um turismo sustentável em Portugal, nas suas múltiplas perspectivas e aos diversos níveis de responsabilidade, desde a administração pública aos profissionais do turismo e às próprias populações. | ||
| 606 |
_9811 _aEconomia |
||
| 606 |
_9812 _aFinanças |
||
| 675 |
_a338.48(469) _vmed |
||
| 700 |
_aBaptista _bMário _95749 |
||
| 801 | 0 |
_aPT _bBMVN _gRPC |
|
| 830 |
_cInês Silva _d31/12/2021 |
||
| 990 | _cLIVROS | ||